Tribhuvan University Central Library

Submission and subversion of the women in Churchill’s Top Girls (Record no. 100486)

MARC details
000 -LEADER
fixed length control field 00423nam a22001457a 4500
008 - FIXED-LENGTH DATA ELEMENTS--GENERAL INFORMATION
fixed length control field 210805b |||||||| |||| 00| 0 eng d
082 ## - DEWEY DECIMAL CLASSIFICATION NUMBER
Classification number CD17213
100 ## - MAIN ENTRY--PERSONAL NAME
Personal name Gaire, Pitambar
245 ## - TITLE STATEMENT
Title Submission and subversion of the women in Churchill’s Top Girls
260 ## - PUBLICATION, DISTRIBUTION, ETC. (IMPRINT)
Place of publication, distribution, etc Kathmandu:
Date of publication, distribution, etc 2012
502 ## - DISSERTATION NOTE
Dissertation note Dissertation (Degree in English), TU
650 ## - SUBJECT ADDED ENTRY--TOPICAL TERM
Topical term or geographic name as entry element English literature
650 ## - SUBJECT ADDED ENTRY--TOPICAL TERM
Topical term or geographic name as entry element English drama
942 ## - ADDED ENTRY ELEMENTS (KOHA)
Source of classification or shelving scheme Dewey Decimal Classification
Koha item type Audio Visual Materials
Holdings
Withdrawn status Lost status Source of classification or shelving scheme Damaged status Not for loan Home library Current library Date acquired Total Checkouts Full call number Barcode Date last seen Price effective from Koha item type
    Dewey Decimal Classification     Tribhuvan University Central Library Tribhuvan University Central Library 08/05/2021   CD17213 A17163 08/05/2021 08/05/2021 Audio Visual Materials